[Event "Berlin Eckbauer op 12th"]
[Site "Berlin"]
[Date "2009.10.26"]
[Round "6.17"]
[White "Goldstein, Roman"]
[Black "Muratovic, Rafet"]
[Result "0-1"]
[WhiteElo "1447"]
[BlackElo "1862"]
[PlyCount "85"]
[EventDate "2009.09.14"]
[EventType "swiss"]
[EventRounds "7"]
[EventCountry "GER"]
[SourceTitle "EXT 2022"]
[Source "ChessBase"]
[SourceDate "2021.10.06"]
[SourceVersion "1"]
[SourceVersionDate "2021.10.06"]
[SourceQuality "1"]

1. e4 c5 2. d4 cxd4 3. c3 dxc3 4. Nxc3 d6 5. Nf3 Nc6 6. Bc4 e6 7. 0-0 Be7 8. Qe2 e5 9. h3 Nf6 10. Rd1 a6 11. Nd5 0-0 12. Nxe7+ Qxe7 13. Bg5 Be6 14. Bxf6 gxf6 15. Rac1 f5 16. exf5 Bxf5 17. Qd2 Rfd8 18. Ng5 Bg6 19. Bd5 Rac8 20. Rc3 Nd4 21. Ne4 Rxc3 22. Nxc3 Kg7 23. f4 Ne6 24. fxe5 dxe5 25. Qe3 f6 26. Qb6 Qc5+ 27. Qxc5 Nxc5 28. Bf3 Rxd1+ 29. Nxd1 e4 30. Be2 f5 31. g4 f4 32. Bc4 Bf7 33. Bxf7 Kxf7 34. Nc3 a5 35. Nd5 Nd3 36. b3 Ke6 37. Nc3 Ke5 38. Kf1 f3 39. h4 e3 40. Ne2 fxe2+ 41. Kxe2 Ke4 42. g5 Nf4+ 43. Kf1 0-1

[Event "Berlin Eckbauer op 12th"]
[Site "Berlin"]
[Date "2009.09.28"]
[Round "3.24"]
[White "Goldstein, Roman"]
[Black "Kretzschmar, Jan"]
[Result "1-0"]
[WhiteElo "1447"]
[BlackElo "1839"]
[PlyCount "53"]
[EventDate "2009.09.14"]
[EventType "swiss"]
[EventRounds "7"]
[EventCountry "GER"]
[SourceTitle "EXT 2022"]
[Source "ChessBase"]
[SourceDate "2021.10.06"]
[SourceVersion "1"]
[SourceVersionDate "2021.10.06"]
[SourceQuality "1"]

1. e4 c5 2. d4 cxd4 3. c3 dxc3 4. Nxc3 e6 5. a3 a6 6. Bc4 Nc6 7. Nf3 d6 8. 0-0 b5 9. Ba2 Ra7 10. Qe2 Rd7 11. Rd1 Be7 12. b4 Nf6 13. Bb2 0-0 14. Rd3 Qb6 15. Rad1 Rfd8 16. Ng5 Ne5 17. Rh3 Nfg4 18. Nxe6 Re8 19. Nf4 Nxf2 20. Qxf2 Qxf2+ 21. Kxf2 Rc7 22. Nfd5 Rc6 23. Nxe7+ Rxe7 24. Rg3 Ng4+ 25. Kg1 Re5 26. h3 Nf6 27. Nd5 1-0

[Event "Berlin Eckbauer op 10th"]
[Site "Berlin"]
[Date "2007.11.06"]
[Round "7"]
[White "Bauer, Stefan"]
[Black "Goldstein, Roman"]
[Result "1/2-1/2"]
[WhiteElo "1556"]
[BlackElo "1451"]
[PlyCount "93"]
[EventDate "2007.08.18"]
[EventType "swiss"]
[EventRounds "7"]
[EventCountry "GER"]
[SourceTitle "EXT 2022"]
[Source "ChessBase"]
[SourceDate "2021.10.06"]
[SourceVersion "1"]
[SourceVersionDate "2021.10.06"]
[SourceQuality "1"]

1. Nf3 c5 2. c4 Nc6 3. Nc3 e6 4. g3 d5 5. cxd5 exd5 6. d4 cxd4 7. Nxd4 Bb4 8. Bg2 Nf6 9. 0-0 h6 10. Re1 0-0 11. e3 Ne4 12. Qb3 Qf6 13. f3 Bxc3 14. bxc3 Ng5 15. Rd1 Rd8 16. Qc2 Bh3 17. Bxh3 Nxh3+ 18. Kg2 Ng5 19. h4 Nxd4 20. cxd4 Rac8 21. Qb3 Ne6 22. Ba3 Rd7 23. Rac1 Rc6 24. Rxc6 bxc6 25. Rc1 g5 26. Rxc6 Nf4+ 27. gxf4 Qxc6 28. Qb8+ Kh7 29. Qb1+ Kg8 30. Qb8+ Kh7 31. Qb1+ Kg7 32. hxg5 hxg5 33. Qf5 f6 34. fxg5 fxg5 35. Qxg5+ Kh8 36. Qh4+ Kg8 37. Kf1 Qc4+ 38. Ke1 Qc3+ 39. Kf2 Qxa3 40. Qg5+ Rg7 41. Qxd5+ Rf7 42. Qg5+ Kh8 43. Qh6+ Rh7 44. Qf6+ Rg7 45. Qh6+ Kg8 46. Qe6+ Kf8 47. Qf6+ 1/2-1/2

[Event "Berlin Eckbauer op 10th"]
[Site "Berlin"]
[Date "2007.10.30"]
[Round "6"]
[White "Goldstein, Roman"]
[Black "Rudolph, Stephanie"]
[Result "1-0"]
[WhiteElo "1451"]
[BlackElo "1586"]
[PlyCount "51"]
[EventDate "2007.08.18"]
[EventType "swiss"]
[EventRounds "7"]
[EventCountry "GER"]
[SourceTitle "EXT 2022"]
[Source "ChessBase"]
[SourceDate "2021.10.06"]
[SourceVersion "1"]
[SourceVersionDate "2021.10.06"]
[SourceQuality "1"]

1. e4 c5 2. d4 cxd4 3. c3 dxc3 4. Nxc3 Nc6 5. Nf3 d6 6. Bc4 e6 7. 0-0 Be7 8. Qe2 Nf6 9. Rd1 Nd7 10. Bf4 e5 11. Bg3 a6 12. Rac1 0-0 13. Nd5 Re8 14. Nxe7+ Qxe7 15. Bh4 Qf8 16. Ng5 Nd8 17. Rc3 Nf6 18. h3 b5 19. Bb3 h6 20. Nf3 Bb7 21. Bxf6 gxf6 22. Nh4 Ne6 23. Nf5 Nc5 24. Bxf7+ Kxf7 25. Qh5+ Kg8 26. Nxh6+ 1-0

[Event "Berlin Eckbauer op 10th"]
[Site "Berlin"]
[Date "2007.10.23"]
[Round "5"]
[White "Goldstein, Roman"]
[Black "Kesslau, Adolf"]
[Result "0-1"]
[WhiteElo "1451"]
[BlackElo "1656"]
[PlyCount "70"]
[EventDate "2007.08.18"]
[EventType "swiss"]
[EventRounds "7"]
[EventCountry "GER"]
[SourceTitle "EXT 2022"]
[Source "ChessBase"]
[SourceDate "2021.10.06"]
[SourceVersion "1"]
[SourceVersionDate "2021.10.06"]
[SourceQuality "1"]

1. e4 e6 2. d4 d5 3. Nd2 c5 4. exd5 exd5 5. Bb5+ Nc6 6. Ngf3 a6 7. Bxc6+ bxc6 8. 0-0 cxd4 9. Nxd4 Qd6 10. N2f3 Nf6 11. Ne5 Bd7 12. Re1 Be7 13. Bf4 Qc5 14. Nxd7 Kxd7 15. c4 Rac8 16. cxd5 cxd5 17. Rc1 Qb4 18. a3 Rxc1 19. Qxc1 Qb7 20. Rxe7+ Kxe7 21. Nc6+ Kd7 22. Ne5+ Ke8 23. Qe3 Kd8 24. Qc3 Re8 25. Qa5+ Kc8 26. Nd3 Nd7 27. Qc3+ Kd8 28. Qxg7 Qb3 29. h4 Qxd3 30. Qxf7 Qe4 31. Bg5+ Kc8 32. Qg7 Qe1+ 33. Kh2 Qe5+ 34. Qxe5 Nxe5 35. f4 Nd3 0-1